MDQL
is popping MORE tags! Check the
thread
!
Quizzes
Events
Quiz Creation
Community
Videos
Private Events
Remove Ads
Sign In
Join for FREE
Feedback
Dark Mode
Quiz Categories
Sports
Geography
Music
Movies
Television
Just For Fun
Miscellaneous
History
Literature
Language
Science
Gaming
Entertainment
Religion
Holiday
For Kids
Quiz Lab
Recent
Popular Today
Quiz Kudos Today
Editor Picks
Curator Picks
Quizzes by...
Day
Popularity
Type
Ratings
Length
Year
Community
Subscriptions
Recent Discussions
Orange Saloon
Badges
Playlists
Quests
Create
Leaderboards
Showdown
Live 5
Trivia Bingo
Activity
Puzzle Library
Sporcle Events
Private Events
Virtual Trivia
Globe League
Become a Host
Pub Owners
SporcleCon
Opinionation
Our Games
Videos
Blog
Mobile Apps
Partnerships
Remove Ads and Go Orange
Feedback
Music
Pop Music
The Beatles
Song
Album
Lyrics
Bands
Singers
Artist
Clip
Rock
Rap
Classical
Billboard
Country Music
Kpop
Taylor Swift
Music
Pop Music
The Beatles
Song
Album
Lyrics
Bands
Singers
Artist
Clip
Rock
Rap
Classical
Billboard
Country Music
Kpop
Taylor Swift
Random Quiz
Search Sporcle
×
Quiz Lab
Quiz Lab
Music
Rock
Type in answers that appear in a list
Type in answers that appear in a list
Classic
Best Score? Go Orange.
Life is a Rock (But the Radio Rolled Me) Stats
Can you name the recording artists namechecked in 'Life is a Rock (But the Radio Rolled Me)'?
By
list_smith
10m
42 Questions
78 Plays
78 Plays
78 Plays
Comments
Comments
Give Quiz Kudos
Give Quiz Kudos
-
- Ratings
hide this ad
More Info
Replay
Link that replays current quiz
Next Quiz
Link to next quiz in quiz playlist
You Got
0%
They Got
Avg Score
44%
Avg Friend Score
Upgrade to see
Score Distribution
Jump to the score distribution portion of the page
Score
0/42
Timer
10:00
0
Plays Today
Song
% Correct
I Walk The Line
Johnny Cash
91%
(I Can't Get No) Satisfaction
The Rolling Stones
88.5%
Smoke On The Water
Deep Purple
85.9%
You're So Vain
Carly Simon
85.9%
I Shot The Sheriff
Eric Clapton
78.2%
Sugar Sugar
The Archies
75.6%
Puff (The Magic Dragon)
Peter, Paul and Mary
74.4%
Thank God I'm A Country Boy
John Denver
73.1%
You've Lost That Lovin' Feelin'
The Righteous Brothers
71.8%
Let's Dance
David Bowie
69.2%
Rikki Don't Lose That Number
Steely Dan
69.2%
All The Young Dudes
Mott the Hoople
67.9%
Legs
ZZ Top
64.1%
Frankenstein
Edgar Winter
62.8%
Blueberry Hill
Fats Domino
61.5%
It's My Party
Lesley Gore
56.4%
Que Sera, Sera (Whatever Will Be, Will Be)
Doris Day
56.4%
Donna
Ritchie Valens
51.3%
I Second That Emotion
Smokey Robinson & The Miracles
51.3%
In The Summertime
Mungo Jerry
50%
You Send Me
Sam Cooke
44.9%
Song
% Correct
Land Of 1000 Dances
Wilson Pickett
43.6%
Go Away Little Girl
Donny Osmond
43.6%
Poor Side Of Town
Johnny Rivers
42.3%
Without You
Harry Nilsson
41%
Vehicle
The Ides of March
30.8%
I Put A Spell On You
Screamin' Jay Hawkins
29.5%
Rebel Rouser
Duane Eddy
28.2%
Right Place Wrong Time
Dr. John
28.2%
Crazy Love
Poco
24.4%
Love Me With All Your Heart
Ray Charles Singers
23.1%
Memphis
Lonnie Mack
21.8%
Tight Rope
Leon Russell
20.5%
Bumble Boogie
B. Bumble & The Stingers
16.7%
Never-
Ending Song Of Love
Bonnie Bramlett
10.3%
Susie Q.
Dale Hawkins
10.3%
Dry Your Eyes
Brenda & The Tabulations
9%
Johnny Get Angry
Joanie Sommers
7.7%
Loop De Loop
Johnny Thunder
7.7%
Crazy Mama
J.J. Cale
6.4%
Birds Of Fire
Mahavishnu Orchestra
3.8%
Mary Lou
Ronnie Hawkins
3.8%
Quiz Playlist
Details
Report
Send in Message
Add To Playlist
More Info:
I decided to use the short edit of the song because the lyrics in the coda are hard to decipher.
Classic:
Type in answers that appear in a list
Last Updated: Feb 16, 2017
Quiz Scoreboard
CHALLENGE
Sign Up to Join the Scoreboard
Show All
Scores
Hide
Comments
May contain spoilers
Recently Published
5x2 Blitz: Bands
by SL_Kpop136
Music
30s
Colored Red Africa Blitz
by spor1
Geography
30s
Find the 'City' Movie
by crazypaving
Movies
60s
More to Explore
Quiz From the Vault
Featured Blog Post
14 Easter Pick-up Lines to Find Eggs With
hide this ad
You Might Also Like...
Tags
Artist Quiz
Rock Quiz
Song Quiz
life
radio
Recording
Rolled
Today's Top Quizzes in Music
Browse Music
hide this ad
Today's Top Quizzes in Rock
Browse Rock
Top Contributed Quizzes in Music
1
5X2 Blitz: Bands II
2
5X2 Blitz: The Beatles
3
Taylor Swift All Songs (2024)
4
5X2 Blitz: Billboard
5
Taylor Swift Logic Puzzle II
6
5X2 Blitz: Billboard II
7
Taylor Swift Logic Puzzle
8
5X2 Blitz: Rock
9
5X2 Blitz: Singers
10
5X2 Blitz: Album
Explore More
Trending Topics
Marvel
NBA
Anime
Harry Potter
Kpop
Disney
Crossword
NFL
Country
Puzzle
Pokémon
Song
WWE
Soccer
The Office
hide this ad
More By:
list_smith
Quiz
Plays
Rating
Category
Featured
Created
Largest U.S. Cities with Spanish names
5,122
4.19
Geography
Mar 23, 2010
U.S. States with indigenous names
2,381
4.31
Geography
Mar 23, 2010
U.S. 'Ton' Cities
816
4.33
Geography
Apr 10, 2010
Billboard No. 1 'love' songs (1960's)
725
4.45
Music
Oct 10, 2011
Blondie by Opening Lyrics
592
5.00
Music
Jan 23, 2012
Go to Creator's Profile
Score Distribution
Quiz Creator Spotlight
list_smith
Follow
Send a Message
Quizzes Created
-
Created Quiz Play Count
-
More By This Creator
Popular Quizzes Today
1
Colored Red Africa Blitz
2
Find the 'City' Movie
3
Find the US States - No Outlines Minefield
4
5x2 Blitz: Bands
5
The Countries of the World
6
Find the US States
7
US States
8
9x9 Crossword: Cartoon Network
More Music Quizzes
UK Bands Spelling Bee
Published
Trending Quizzes
Colored Red Europe Blitz I
Colored Red Europe Blitz II
Colored Red Africa Blitz II
Colored Red Europe Blitz III
Colored Red Africa Blitz III
Recently Updated
How Do You Spell That?
pecheneg
Godzilla Movies
pecheneg
Grab Bag: 4-10 Letters
pecheneg
2024 March Madness Bracket
pecheneg
Famous TV Couples
Peacemaker
Champions League XIs: Real Madrid
pecheneg
Largest US Cities 1790-2010
pecheneg
Rides in Walt Disney World
pecheneg
Most Oscar Losses (Acting)
pecheneg
Beyoncé Albums
pecheneg
Trending Topics
NBA
Kpop
Marvel
Anime
Crossword
Harry Potter
Disney
The Office
Country
WWE
Puzzle
NFL
Soccer
Song
Pokémon
Your Account Isn't Verified!
In order to create a playlist on Sporcle, you need to verify the email address you used during registration. Go to your
Sporcle Settings
to finish the process.
Report this User
Report this user for behavior that violates our
Community Guidelines
.
Details:
Send Report
Go to the Sporcle.com Mobile Site →
Comments